000 00300nam a22001337a 4500
008 181224b xxu||||| |||| 00| 0 eng d
020 _a0030295432
041 _aeng
080 _a540
100 _a12
101 _aKIM
245 _aChemistry Principles & Reactions
_cMasterton,
942 _2udc
_cBK
999 _c53728
_d53728